[Event "JAM-ch (Women)"]
[Site "Kingston"]
[Date "2015.08.02"]
[Round "10"]
[White "Smith, Annesha"]
[Black "Gardner, Sheanel"]
[Result "1-0"]
[WhiteElo "1707"]
[BlackElo "1685"]
[PlyCount "107"]
[EventDate "2015.07.18"]
[EventType "tourn"]
[EventRounds "10"]
[EventCountry "JAM"]
[SourceTitle "EXT 2018"]
[Source "ChessBase"]
[SourceDate "2017.10.13"]
[SourceVersion "1"]
[SourceVersionDate "2017.10.13"]
[SourceQuality "1"]

1. d4 g6 2. c4 d6 3. Nc3 Nf6 4. e4 Bg7 5. f3 Nbd7 6. Be3 0-0 7. Bd3 c5 8. Nge2 a6 9. 0-0 Re8 10. Qd2 Rb8 11. Rac1 Qa5 12. h3 b5 13. b3 b4 14. Nd1 Qb6 15. f4 Bb7 16. d5 a5 17. Nb2 e6 18. Ng3 exd5 19. exd5 Qc7 20. Rf2 Re7 21. f5 Rbe8 22. Bg5 Qd8 23. fxg6 hxg6 24. Rcf1 Re5 25. Bf4 Bc8 26. Bxe5 Nxe5 27. Bb1 Nfg4 28. hxg4 Nxg4 29. Qf4 Rf8 30. Nd1 Qh4 31. Ne2 Be5 32. g3 Qh3 33. Qf3 Nxf2 34. Rxf2 Bg4 35. Qg2 Qh5 36. Be4 Bxe2 37. Rxe2 Bxg3 38. Bf3 Qg5 39. Re3 f5 40. Kf1 Kg7 41. Be2 f4 42. Re6 Rh8 43. Bd3 Rh6 44. Qe4 f3 45. Qxf3 Be5 46. Qe4 Qh5 47. Nf2 Qg5 48. Nd1 Qh5 49. Nf2 Qg5 50. Ke2 Qh5+ 51. Qf3 Qh2 52. Re7+ Kg8 53. Qf7+ Kh8 54. Re8# 1-0